Clubs de foot européens par emojis #2 - Statistiques

Statistiques générales
  • Ce quiz a été pris 679 fois
  • Le résultat moyen est 15 sur 20
Statistiques - réponses
Hint Réponse % Correct
🤍👑🇪🇸 Real Madrid
90%
💙🖤⭐️🇮🇹 Inter Milan
88%
🧡🖤🐟🇫🇷 FC Lorient
87%
💙❤️🇶🇦🇫🇷 PSG
87%
❤️🤍👑🇲🇨 AS Monaco
86%
🤍💙❤️🦁🇫🇷 Olympique lyonnais
86%
💚🤍🦁🇵🇹 Sporting Portugal
82%
💜🤍👑🇧🇪 Anderlecht
81%
🦅🩵🤍🇮🇹 Lazio Rome
81%
💚🖤🇮🇹 Sassuolo
77%
☘️💚🤍🇬🇷 Panathinaïkós
76%
🌿💛💙🇹🇷 Fenerbahçe
75%
❤️🤍🌳🏴󠁧󠁢󠁥󠁮󠁧󠁿 Nottingham Forest
74%
🐝❤️🤍🏴󠁧󠁢󠁥󠁮󠁧󠁿 Brentford
72%
☘️🤍💚🇮🇪 Shamrock Rovers
68%
🤍❤️🐂🇩🇪 RB Leipzig
67%
💛🖤🦅🇳🇱 Vitesse
67%
🖤🤍🐓🏴󠁧󠁢󠁥󠁮󠁧󠁿 Tottenham
65%
❤️🤍🐻🇩🇪 Union Berlin
61%
💙🧡🎩🏴󠁧󠁢󠁥󠁮󠁧󠁿 Luton Town
60%
Aucun quiz correspondant
Distribution des résultats
% des personnes avec chaque résultat
Percentile par nombre de réponses
Votre historique - résultats
Vous n’avez pas pris ce quiz